[Event "III Mikolajowy Turniej Szachowy <br> Gru"]
[Site "MOKiS Myslenice"]
[Date "2012.??.??"]
[Round "8.6"]
[White "Mis, Mieszko"]
[Black "Burek, Marcin"]
[Result "0-1"]
[WhiteElo "1412"]
[BlackElo "1734"]
[PlyCount "109"]
[EventDate "2012.??.??"]

1. e4 c5 2. Nf3 d6 3. d4 cxd4 4. Nxd4 Nf6 5. Nc3 a6 6. Bg5 e6 7. f4 Qc7 8. Qf3
b5 9. O-O-O b4 10. Nce2 Bb7 11. Bxf6 gxf6 12. Qd3 Nd7 13. Nb3 a5 14. Kb1 a4 15.
Nd2 Nc5 16. Qe3 b3 17. axb3 axb3 18. Nxb3 Nxb3 19. Qxb3 Bxe4 20. Nc3 Bc6 21.
Bb5 Bg7 22. Bxc6+ Qxc6 23. Qb5 Rc8 24. Ne4 d5 25. Nd6+ Kd7 26. Qxc6+ Rxc6 27.
Nb5 Rb8 28. Nd4 Rcb6 29. Nb3 f5 30. Rhf1 Ke7 31. Rfe1 Kf8 32. Re3 Rb4 33. Rf1
Bd4 34. Nxd4 Rxb2+ 35. Ka1 R2b4 36. Nxe6+ fxe6 37. Ra3 Kf7 38. Ra7+ Kf6 39. Ra6
Rc4 40. Re1 Re8 41. Ra7 h6 42. Re2 Rxf4 43. Kb2 Rh4 44. g3 Rc4 45. Rh7 Kg6 46.
Rd7 Rc6 47. c3 Rh8 48. h4 Rg8 49. Kc2 Kf6 50. Rh7 Rxg3 51. Rxh6+ Kf7 52. Kd2
Rgxc3 53. Rhxe6 Rxe6 54. Rxe6 Kxe6 55. Kxc3 0-1

[Event "III Mikolajowy Turniej Szachowy <br> Gru"]
[Site "MOKiS Myslenice"]
[Date "2012.??.??"]
[Round "8.8"]
[White "Bandyk, Wladyslaw"]
[Black "Krzymionka, Karol"]
[Result "0-1"]
[WhiteElo "1631"]
[BlackElo "1629"]
[PlyCount "44"]
[EventDate "2012.??.??"]

1. e4 Nf6 2. e5 Nd5 3. d4 d6 4. c4 Nb6 5. Nf3 g6 6. Nc3 Bg7 7. Be2 O-O 8. O-O
Nc6 9. exd6 cxd6 10. Be3 Bg4 11. h3 Bxf3 12. gxf3 d5 13. c5 Nc8 14. Qb3 e5 15.
Qxb7 N8e7 16. Qa6 Nxd4 17. Rad1 Nef5 18. f4 Qh4 19. Bg4 h5 20. Bxf5 Nxf5 21.
Ne2 Qxh3 22. Qa3 Nh4 0-1